000 00723nam a22002657a 4500
001 22991
003 UA-OsUOA
005 20191224143740.0
007 ta
008 20040105b un ||||| |||| 00| 0 ukr d
020 _a966-8074-39-4
040 _aUA-OsUOA
_bukr
_cUA-OsUOA
_dUA-OsUOA
041 _aukr
044 _aUA
080 _a35.08 (477)
090 _a35.08 (477)
_bМ19
100 _aМалиновський В. Я.
245 _aДержавна служба: теорія і практика
_bнавч. посібник
260 _aК.
_bАтіка
_c2003
300 _a160 с.
650 7 _2UDC
942 _cBK
_2udc
955 _a0
999 _c309225
_d309225